Les plus grande villes traverse par la Loire - Statistiques

Statistiques générales
  • Ce quiz a été pris 133 fois
  • Le résultat moyen est 7 sur 11
Statistiques - réponses
Population Villes % Correct
303,382 Nantes
100%
114,644 Orleans
96%
136,252 Tours
93%
151,520 Angers
89%
45,710 Blois
73%
69,784 Saint-Nazaire
72%
34,228 Nevers
59%
27,486 Saumur
47%
34,831 Roanne
46%
18,909 Le Puy
34%
39,649 Reze
19%
Aucun quiz correspondant
Distribution des résultats
% des personnes avec chaque résultat
Percentile par nombre de réponses
Votre historique - résultats
Vous n’avez pas pris ce quiz